<?xml version="1.0" encoding="UTF-8"?>
<record
    xmlns:xsi="http://www.w3.org/2001/XMLSchema-instance"
    xsi:schemaLocation="http://www.loc.gov/MARC21/slim http://www.loc.gov/standards/marcxml/schema/MARC21slim.xsd"
    xmlns="http://www.loc.gov/MARC21/slim">

  <leader>01523nam a22003617i 4500</leader>
  <controlfield tag="001">B-12620</controlfield>
  <controlfield tag="003">CO-BoFNCP</controlfield>
  <controlfield tag="007">t|| </controlfield>
  <controlfield tag="008">091001s2008    my a   f     z      eng d</controlfield>
  <datafield tag="040" ind1=" " ind2=" ">
    <subfield code="a">CO-BoFNCP</subfield>
    <subfield code="b">spa</subfield>
    <subfield code="c">CO-BoFNCP</subfield>
    <subfield code="e">rda</subfield>
  </datafield>
  <datafield tag="041" ind1=" " ind2=" ">
    <subfield code="a">eng</subfield>
  </datafield>
  <datafield tag="043" ind1=" " ind2=" ">
    <subfield code="a">my</subfield>
  </datafield>
  <datafield tag="084" ind1=" " ind2=" ">
    <subfield code="a">A-</subfield>
  </datafield>
  <datafield tag="100" ind1="1" ind2=" ">
    <subfield code="a">Duckett, J.E</subfield>
    <subfield code="9">41397,</subfield>
    <subfield code="e">autor.</subfield>
    <subfield code="4">aut</subfield>
  </datafield>
  <datafield tag="245" ind1="1" ind2="4">
    <subfield code="a">The expansion of range and population of the barn owl (Tyto alba javanica) in Peninsular Malaysia and in Sumatra and adjacent Islands :</subfield>
    <subfield code="b">A review and update on the current situation.</subfield>
  </datafield>
  <datafield tag="264" ind1=" " ind2="4">
    <subfield code="c">&#xA9;2008</subfield>
  </datafield>
  <datafield tag="300" ind1=" " ind2=" ">
    <subfield code="a">p&#xE1;ginas 799-807 :</subfield>
    <subfield code="b">Tablas.</subfield>
  </datafield>
  <datafield tag="336" ind1=" " ind2=" ">
    <subfield code="a">texto</subfield>
    <subfield code="b">txt</subfield>
    <subfield code="2">rdacontent</subfield>
  </datafield>
  <datafield tag="337" ind1=" " ind2=" ">
    <subfield code="a">sin mediaci&#xF3;n</subfield>
    <subfield code="b">n</subfield>
    <subfield code="2">rdamedia</subfield>
  </datafield>
  <datafield tag="338" ind1=" " ind2=" ">
    <subfield code="a">volumen</subfield>
    <subfield code="b">nc</subfield>
    <subfield code="2">rdacarrier</subfield>
  </datafield>
  <datafield tag="504" ind1=" " ind2=" ">
    <subfield code="a">Incluye referencias bibliogr&#xE1;ficas.</subfield>
  </datafield>
  <datafield tag="520" ind1=" " ind2=" ">
    <subfield code="a">Expansion in numbers and habitats of barn owl (Tyto alba javanica) has occurred in Peninsular Malaysia and in Sumatra and adjacent islands as a natural feature as a consequence of expansion of oil palm (Elaeis guineensis) plantations with year round fruiting and build up of large populations of rats. The barn owl found itsel filling an ecological niche as a predator of the rats.</subfield>
  </datafield>
  <datafield tag="650" ind1=" " ind2="0">
    <subfield code="a">Depredaci&#xF3;n.</subfield>
    <subfield code="9">8073</subfield>
  </datafield>
  <datafield tag="650" ind1=" " ind2="0">
    <subfield code="a">Lechuza.</subfield>
    <subfield code="9">14455</subfield>
  </datafield>
  <datafield tag="650" ind1=" " ind2="0">
    <subfield code="a">Malaysia</subfield>
    <subfield code="9">33575.</subfield>
  </datafield>
  <datafield tag="650" ind1=" " ind2="0">
    <subfield code="a">Palma de aceite</subfield>
    <subfield code="9">37678.</subfield>
  </datafield>
  <datafield tag="651" ind1=" " ind2="0">
    <subfield code="9">25763</subfield>
    <subfield code="a">Sumatra.</subfield>
  </datafield>
  <datafield tag="651" ind1=" " ind2="0">
    <subfield code="a">Malaysia</subfield>
    <subfield code="9">33575.</subfield>
  </datafield>
  <datafield tag="773" ind1="0" ind2=" ">
    <subfield code="a">The Planter (Malasia)</subfield>
    <subfield code="g">v. 84, no. 993 (2008), p.799-807</subfield>
    <subfield code="w">A-</subfield>
    <subfield code="x">0126-575x</subfield>
  </datafield>
  <datafield tag="942" ind1=" " ind2=" ">
    <subfield code="2">z</subfield>
    <subfield code="c">1</subfield>
  </datafield>
  <datafield tag="952" ind1=" " ind2=" ">
    <subfield code="0">0</subfield>
    <subfield code="1">0</subfield>
    <subfield code="2">z</subfield>
    <subfield code="4">0</subfield>
    <subfield code="7">0</subfield>
    <subfield code="a">2</subfield>
    <subfield code="b">2</subfield>
    <subfield code="d">2013-10-21</subfield>
    <subfield code="h">The Planter (Malasia). v. 84, no. 993 (2008), p.799-807. ST-A-, ISSN: 0126-575x</subfield>
    <subfield code="l">0</subfield>
    <subfield code="o">A-</subfield>
    <subfield code="p">R-12620</subfield>
    <subfield code="r">2013-10-21 00:00:00</subfield>
    <subfield code="t">Ej. 1</subfield>
    <subfield code="w">2013-10-21</subfield>
    <subfield code="y">1</subfield>
  </datafield>
  <datafield tag="999" ind1=" " ind2=" ">
    <subfield code="c">26592</subfield>
    <subfield code="d">26592</subfield>
  </datafield>
  <datafield tag="999" ind1=" " ind2=" ">
    <subfield code="z">1</subfield>
  </datafield>
</record>
